Boolean function complexity : Advances and frontiers

Boolean circuit complexity is the combinatorics of computer science and involves many intriguing problems that are easy to state and explain, even for the layman. This book is a comprehensive description of basic lower bound arguments, covering many of the gems of this “complexity Waterloo” that ha...

全面介紹

Đã lưu trong:
書目詳細資料
主要作者: Jukna, Stasys
格式: 圖書
語言:Undetermined
出版: Berlin Springer 2012
主題:
標簽: 添加標簽
沒有標簽, 成為第一個標記此記錄!
Thư viện lưu trữ: Trung tâm Học liệu Trường Đại học Cần Thơ
LEADER 01349nam a2200229Ia 4500
001 CTU_183639
008 210402s9999 xx 000 0 und d
020 |c 1875000 
082 |a 511.352 
082 |b J91 
100 |a Jukna, Stasys 
245 0 |a Boolean function complexity : 
245 0 |b Advances and frontiers 
245 0 |c Stasys Jukna 
260 |a Berlin 
260 |b Springer 
260 |c 2012 
520 |a Boolean circuit complexity is the combinatorics of computer science and involves many intriguing problems that are easy to state and explain, even for the layman. This book is a comprehensive description of basic lower bound arguments, covering many of the gems of this “complexity Waterloo” that have been discovered over the past several decades, right up to results from the last year or two. Many open problems, marked as Research Problems, are mentioned along the way. The problems are mainly of combinatorial flavor but their solutions could have great consequences in circuit complexity and computer science. The book will be of interest to graduate students and researchers in the fields of computer science and discrete mathematics. 
650 |a Computer science,Khoa học máy tính 
650 |x Mathematics,Toán học 
904 |i Hải 
980 |a Trung tâm Học liệu Trường Đại học Cần Thơ